La investigación de los evangelios sinópticos y Hechos de los Apóstoles en el siglo XX
Saved in:
| Main Authors: | , |
|---|---|
| Format: | Bog |
| Sprog: | spansk |
| Udgivet: |
Pamplona
Verbo Divino
1996
|
| Serier: | Introducción al Estudio de la Biblia
|
| Fag: | |
| Tags: |
Tilføj Tag
Ingen Tags, Vær først til at tagge denne postø!
|
MARC
| LEADER | 00000nam a2200000 a 4500 | ||
|---|---|---|---|
| 001 | UCS5904 | ||
| 003 | CL-VaPUC | ||
| 008 | 970906e19960000SP |||||||||||||||||spa|d | ||
| 082 | 0 | 4 | |a 226 |b AGU |2 21 |
| 100 | 0 | |a Aguirre Monasterio, Rafael |e author |9 391457 | |
| 700 | 0 | |a Rodríguez Carmona, Antonio |e author |9 391458 | |
| 245 | 1 | 3 | |a La investigación de los evangelios sinópticos y Hechos de los Apóstoles en el siglo XX |
| 300 | |a 397 p | ||
| 942 | |c BK | ||
| 945 | |d 19970906 00:00:00 |a aalvarez | ||
| 260 | |a Pamplona |b Verbo Divino |c 1996 | ||
| 650 | 0 | |a Biblia |9 257603 | |
| 650 | 0 | |a Apóstoles |9 444286 | |
| 650 | 0 | |a Evangelistas |9 315131 | |
| 583 | |a last modification |c 20170628 12:54:18 |k Rodrigo Vera | ||
| 490 | 0 | |a Introducción al Estudio de la Biblia | |
| 999 | |c 262032 |d 262030 | ||
| 952 | |0 0 |1 0 |4 0 |6 226_000000000000000_AGU_1996 |7 0 |8 A |9 290191 |a BIBTEO |b BIBTEO |d 2019-11-19 |i 3342182 |o 226 AGU 1996 |p 3342182 |r 2025-01-17 |w 2019-11-19 |y BK |k ICR | ||